| Tag |
First Indicator |
Second Indicator |
Subfields |
| LEADER |
00000cam a2200000 a 4500 |
| 001 |
in00000016031 |
| 005 |
20151007052650.0 |
| 008 |
880115s1986 txua b o00000 eng |
| 010 |
|
|
|a 87623536
|
| 035 |
|
|
|a (OCoLC)15366508
|
| 035 |
|
|
|9 AAA8716AM
|
| 040 |
|
|
|a DLC
|c DLC
|d IKM
|d TXA
|d UtOrBLW
|
| 043 |
|
|
|a n-us---
|
| 049 |
|
|
|a TXAM
|c [A11049187]
|
| 050 |
0 |
0 |
|a PE3102.M4
|b M49 1986
|
| 082 |
0 |
|
|a 460/.896872073
|2 19
|
| 086 |
|
|
|a Z P110.7 R477 no.1
|2 txdocs
|
| 245 |
0 |
0 |
|a Mexican-American language :
|b usage, attitudes, maintenance, instruction, and policy /
|c edited by George K. Green and Jacob L. Ornstein-Galicia.
|
| 264 |
|
1 |
|a [Brownsville, Tex.] :
|b Pan American University at Brownsville,
|c [1986]
|
| 264 |
|
4 |
|c ©1986
|
| 300 |
|
|
|a 159 pages :
|b illustrations ;
|c 23 cm.
|
| 336 |
|
|
|a text
|b txt
|2 rdacontent
|
| 337 |
|
|
|a unmediated
|b n
|2 rdamedia
|
| 338 |
|
|
|a volume
|b nc
|2 rdacarrier
|
| 490 |
1 |
|
|a Rio Grande series in language and linguistics ;
|v no. 1
|
| 504 |
|
|
|a Includes bibliographies.
|
| 650 |
|
0 |
|a Mexican Americans
|x Language.
|
| 650 |
|
0 |
|a Mexican Americans
|x Education.
|
| 650 |
|
0 |
|a Language policy
|z United States.
|
| 700 |
1 |
|
|a Green, George K.
|
| 700 |
1 |
|
|a Ornstein-Galicia, Jacob,
|d 1915-
|
| 830 |
|
0 |
|a Rio Grande series in language and linguistics ;
|v no. 1.
|
| 999 |
|
|
|a MARS
|
| 999 |
f |
f |
|s 36c55a72-54b9-3e42-a8fb-cd4bbee91e70
|i 8803fef5-b801-3622-957e-2660df4ba27a
|t 0
|
| 952 |
f |
f |
|p ric
|a Texas A&M University
|b Rellis Campus
|c Joint Library Facility
|s JLF
|d Remote Storage
|t 0
|e PE3102.M4 M49 1986
|h Library of Congress classification
|i unmediated -- volume
|m A14811049187
|
| 998 |
f |
f |
|a PE3102.M4 M49 1986
|t 0
|l Remote Storage
|